000 00702nam a2200193Ia 4500
001 22106
003 GE_BSU
008 181216s||||||||xx |||||||||||||| ||und||
040 _cGE_BSU
245 _aმაჭახელი#3-4.
245 _bსამეცნიერო-პოპულარული და საზოგადოებრივი ჟურნალი..
245 _cრედ. ნ. კახიძე. ამირან კახიძე., რ. მალაყმაძე.
260 _aბათუმი
260 _c2010
300 _a44გვ.;29 სმ. ილ.
653 _aმაჭახელი#3-4.
653 _aპერიოდიკა
942 _cCR
999 _c55031
_d55031